Southville International School and Colleges
Your cart is empty.
  • Cart
  • Lists
    Public lists Eva Luna New books Lux_list list_1
    Your lists Log in to create your own lists
  • Log in to your account
  • Your cookies
  • Search history
Southville International School and Colleges
  • Advanced search
  • Recent comments
  • Most popular
  • Libraries

Log in to your account

Log in with GOOGLE


If you do not have an external account, but do have a local account, you can still log in:

  1. Home
  2. MARC view: Kid power /
Normal view MARC view ISBD view

Kid power / (Record no. 34227)

[ view plain ]
MARC details
000 -LEADER
fixed length control field 01025pam a2200313 i 4500
001 - CONTROL NUMBER
control field 830298
003 - CONTROL NUMBER IDENTIFIER
control field OSt
005 - DATE AND TIME OF LATEST TRANSACTION
control field 20140310184420.0
008 - FIXED-LENGTH DATA ELEMENTS--GENERAL INFORMATION
fixed length control field 770328s1977 nyua j 000 1 eng
010 ## - LIBRARY OF CONGRESS CONTROL NUMBER
LC control number 77001975
020 ## - INTERNATIONAL STANDARD BOOK NUMBER
International Standard Book Number 0590426079
040 ## - CATALOGING SOURCE
Original cataloging agency DLC
Transcribing agency DLC
Modifying agency DLC
042 ## - AUTHENTICATION CODE
Authentication code lcac
050 00 - LIBRARY OF CONGRESS CALL NUMBER
Classification number PZ 7
Item number .P44855Ki 1977
100 1# - MAIN ENTRY--PERSONAL NAME
Personal name Pfeffer, Susan Beth,
Dates associated with a name 1948-
9 (RLIN) 26653
245 10 - TITLE STATEMENT
Title Kid power /
Statement of responsibility, etc by Susan Beth Pfeffer ; illustrated by Leigh Grant.
260 ## - PUBLICATION, DISTRIBUTION, ETC. (IMPRINT)
Place of publication, distribution, etc New York :
Name of publisher, distributor, etc Scholastic Inc.
Date of publication, distribution, etc 1977.
300 ## - PHYSICAL DESCRIPTION
Extent 121 p. :
Other physical details ill. ;
Dimensions 19 cm.
520 ## - SUMMARY, ETC.
Summary, etc Eleven-year-old Janie advertises to do odd jobs in her neighborhood and receives so much business, she hires her friends and becomes manager of the Kid Power Agency.
521 ## - TARGET AUDIENCE NOTE
Target audience note
526 ## - STUDY PROGRAM INFORMATION NOTE
Reading level 680
562 ## - COPY AND VERSION IDENTIFICATION NOTE
Number of copies 1
650 #1 - SUBJECT ADDED ENTRY--TOPICAL TERM
Topical term or geographic name as entry element Summer employment
General subdivision Fiction.
9 (RLIN) 26654
650 #1 - SUBJECT ADDED ENTRY--TOPICAL TERM
Topical term or geographic name as entry element Family life
General subdivision Fiction.
9 (RLIN) 26655
700 1# - ADDED ENTRY--PERSONAL NAME
Personal name Grant, Leigh.
9 (RLIN) 26656
906 ## - LOCAL DATA ELEMENT F, LDF (RLIN)
a 7
b cbc
c orignew
d 1
e ocip
f 19
g y-gencatlg
942 ## - ADDED ENTRY ELEMENTS (KOHA)
Source of classification or shelving scheme Library of Congress Classification
Koha item type
Holdings
Withdrawn status Lost status Source of classification or shelving scheme Damaged status Home library Current library Shelving location Date acquired Total Checkouts Full call number Barcode Date last seen Copy number Price effective from Koha item type
    Library of Congress Classification   Luxembourg Library Luxembourg Library Scholastic Reading Center Section 10/08/2013   PZ 7 .P44855Ki 1977 LEX2025 04/18/2017 1 10/08/2013 Books

Kid power /

APA

Pfeffer S. B., Grant L., . (1977). Kid power. New York: Scholastic Inc.

Chicago

Pfeffer Susan Beth, Grant Leigh, . 1977. Kid power. New York: Scholastic Inc.

Harvard

Pfeffer S. B., Grant L., . (1977). Kid power. New York: Scholastic Inc.

MLA

Pfeffer Susan Beth, Grant Leigh, . Kid power. New York: Scholastic Inc. 1977.

  • Place hold
  • Print
  • Cite
  • Add to your cart (remove)
  • Save record
    BIBTEX Dublin Core MARCXML MARC (non-Unicode/MARC-8) MARC (Unicode/UTF-8) MARC (Unicode/UTF-8, Standard) MODS (XML) RIS
  • More searches
    Search for this title in:
    Other Libraries (WorldCat) Other Databases (Google Scholar) Online Stores (Bookfinder.com) Open Library (openlibrary.org)

Exporting to Dublin Core...

SOUTHVILLE LIBRARY

Southville International School and Colleges Library

1281 Tropical Ave. Cor. Luxembourg St., BF Homes International, Las Pinas City

Tel. No. 8256374 / 252358 Loc. 117/146

Powered by Koha